000 00569nam a2200205Ia 4500
005 20250508164505.0
008 008 250505s9999 xx 000 0 hin d
020 _a0-8039-8483-9
037 _aReference
040 _aFEDL
_beng
_cFEDL
041 _ahin
_2eng
084 _a370.1, CHA/RR
_qFEDL
100 _aChand Kiran
245 0 _aShiksha darshanik paripekshye
260 _aDelhi, India
_bHindi Madhyam Karyanvayan Nideyshalaya
_c2006
300 _a497p.
365 _aINR
_b140
942 _cREF
_h370.1, CHA/RR
999 _c1389392
_d1389392